LEADER 00944nam0-22003251i-450- 001 990007217010403321 005 20021010 035 $a000721701 035 $aFED01000721701 035 $a(Aleph)000721701FED01 035 $a000721701 100 $a20021010d--------km-y0itay50------ba 101 0 $aita 200 1 $aCULTURA operaia nel mezzogiorno$esindacato dei consigli e modelli culturali$euna ricerca sui delegati di fabbrica$fMassimo Conte (ed. al.). 210 $aRoma$cEd. lavoro$d1983. 215 $a194 p.$d21 cm 225 1 $aStudi e ricerche$v27 676 $a331.8 702 1$aConte,$bMassimo 702 1$aDi Gennaro,$bGiacomo 702 1$aPizzuti,$bDomenico 702 1$aRusso,$bRossana 801 0$aIT$bUNINA$gRICA$2UNIMARC 901 $aBK 912 $a990007217010403321 952 $aB-X-61$blav.$fDDRC 959 $aDDRC 996 $aCultura operaia nel Mezzogiorno$9370760 997 $aUNINA DB $aGEN01